Loktattva jijnasa/ (Record no. 11847)

MARC details
000 -LEADER
fixed length control field 00507nam a22001937a 4500
005 - DATE AND TIME OF LATEST TRANSACTION
control field 20260515115025.0
008 - FIXED-LENGTH DATA ELEMENTS--GENERAL INFORMATION
fixed length control field 240813b |||||||| |||| 00| 0 eng d
040 ## - CATALOGING SOURCE
Original cataloging agency IN-DiNC
Transcribing agency IN-DiNC
041 ## - LANGUAGE CODE
Language code of sung or spoken text asm
082 ## - DEWEY DECIMAL CLASSIFICATION NUMBER
Classification number 398.054162
Item number BEZ
100 ## - MAIN ENTRY--PERSONAL NAME
Personal name Bezborah, Nirajana Mahanta
Relator term author
245 ## - TITLE STATEMENT
Title Loktattva jijnasa/
Statement of responsibility, etc. by Nirajana Mahanta Bezborah
250 ## - EDITION STATEMENT
Edition statement 1st ed.
260 ## - PUBLICATION, DISTRIBUTION, ETC.
Place of publication, distribution, etc. Dibrugarh:
Name of publisher, distributor, etc. Banalata,
Date of publication, distribution, etc. 2004.
300 ## - PHYSICAL DESCRIPTION
Extent 172p.
650 ## - SUBJECT ADDED ENTRY--TOPICAL TERM
Topical term or geographic name entry element Folkoristics
650 ## - SUBJECT ADDED ENTRY--TOPICAL TERM
Topical term or geographic name entry element Folklore
942 ## - ADDED ENTRY ELEMENTS (KOHA)
Source of classification or shelving scheme Dewey Decimal Classification
Koha item type Books
Holdings
Withdrawn status Lost status Source of classification or shelving scheme Damaged status Not for loan Collection Home library Current library Shelving location Date acquired Cost, normal purchase price Total checkouts Full call number Barcode Date last seen Date last checked out Copy number Price effective from Koha item type
    Dewey Decimal Classification       Naharkatiya College Library Naharkatiya College Library General stacks 08/13/2024 65.00 1 398.054162 BEZ 17520 08/14/2024 08/14/2024 1 08/13/2024 Books